[Event "Marostica"]
[Site "Marostica"]
[Date "1991.??.??"]
[Round "?"]
[White "Rossi, Carlo"]
[Black "Nurkic, Sahbaz"]
[Result "0-1"]
[WhiteElo "2315"]
[BlackElo "2385"]

1.e4 c5 2.Nf3 Nc6 3.Bb5 g6 4.O-O Bg7 5.Re1 Nf6 6.c3 O-O 7.d4 cxd4 8.cxd4 a6
9.Bf1 d5 10.e5 Ne4 11.Nc3 b5 12.Bd3 Nxc3 13.bxc3 Na5 14.Ng5 h6 15.Nf3 Nc4
16.Nh4 Qa5 17.Qc2 e6 18.a3 Qd8 19.g3 Bd7 20.f4 Rc8 21.Ra2 Nb6 22.Bd2 Na4
23.Qc1 Qe7 24.Rc2 Rc6 25.Re3 Rfc8 26.Be1 Bf8 27.Qd1 Nxc3 28.Qg4 Ne4 29.Bb4 Qe8
30.Ree2 Bxb4 31.axb4 Rc3 32.Rxc3 Rxc3 33.Bc2 Kg7 34.Ng2 Qe7 35.Ne3 Qxb4 36.Bxe4 dxe4
37.Qh4 Rc8 38.Qf6+ Kg8 39.g4 Qf8  0-1

[Event "AUS-ch"]
[Site "Melbourne"]
[Date "1991.??.??"]
[Round "2"]
[White "Levi, Eddy"]
[Black "Sztern, Abraham"]
[Result "1-0"]
[WhiteElo "2300"]
[BlackElo "2225"]

1.e4 c5 2.Nf3 Nc6 3.Bb5 a6 4.Bxc6 dxc6 5.d3 g6 6.O-O Bg7 7.Nbd2 Nf6 8.e5 Ng4
9.Re1 Qc7 10.Nc4 O-O 11.Bd2 b6 12.h3 Nh6 13.Ng5 Nf5 14.a4 a5 15.Bc3 b5 16.axb5 cxb5
17.Bxa5 Qb8 18.Nd2 Bxe5 19.Bc3 Rxa1 20.Qxa1 Bf4 21.Ndf3 h6 22.Ne4 Bb7 23.b3 b4
24.Bb2 Qc8 25.Ne5 Nh4 26.Qa7 f6 27.Nc4 Bc7 28.Ne3 Ba8 29.Qxc5 Qb7 30.Qc4+ Kg7
31.Nc5 Nf3+ 32.Kh1 Qc8 33.Ne6+ Kh8 34.Ra1 Be5 35.Bxe5 Nxe5 36.Qxc8 Rxc8 37.d4 Nc6
38.Nc4 Rb8 39.d5 Ne5 40.Nb6 Rxb6 41.Rxa8+ Kh7 42.Ra7 Rd6 43.Rxe7+ Kg8 44.f4 Nf7
45.Re8+ Kh7 46.Rf8 Rd7 47.Rb8 Rxd5 48.Rxb4 g5 49.c4 Rd1+ 50.Kh2 Nd6 51.c5 Nf5
52.c6 Ne3 53.c7 gxf4 54.Rxf4  1-0

[Event "Mexico City"]
[Site "Mexico"]
[Date "1991.??.??"]
[Round "3"]
[White "Hernandez, Gilberto"]
[Black "Garmendez, Florentino"]
[Result "1/2-1/2"]
[WhiteElo "2525"]
[BlackElo "2275"]

1.e4 c5 2.Nf3 Nc6 3.Bb5 e6 4.O-O d6 5.c3 Nf6 6.Re1 a6 7.Bxc6+ bxc6 8.e5 Nd7
9.exd6 Bxd6 10.Na3 O-O 11.d3 Nb6 12.Ng5 h6 13.Ne4 f5 14.Nxd6 Qxd6 15.Nc4 Nxc4
16.dxc4 Qxd1 17.Rxd1 f4 18.b3 a5 19.Ba3 a4 20.Bxc5 Re8 21.Rac1 e5 22.Rd6 axb3
23.axb3 Re6 24.f3 Rxd6 25.Bxd6 Bf5 26.Bxe5 g5 27.h4 Kf7 28.Rd1 Re8 29.Re1 Bc2
30.b4 Bd3 31.c5 Bc4 32.Kf2 Kg6 33.g3 Kf5 34.gxf4 gxf4 35.Bd6 Rxe1 36.Kxe1 h5
37.Kd2 Bb5 38.Bf8 Bc4 39.Bg7 Bb5 40.Bd4 Bc4 41.Bf2 Ke5 42.Bd4+ Kd5 43.Bg1 Ke5
44.Bf2 Bb5 45.Bg1  1/2-1/2

[Event "POL-chT"]
[Site "Mikolajki"]
[Date "1991.??.??"]
[Round "7"]
[White "Jaracz, Pawel"]
[Black "Ciemniak, Robert"]
[Result "0-1"]
[WhiteElo "2300"]
[BlackElo "2230"]

1.e4 c5 2.Nf3 Nc6 3.Bb5 e6 4.O-O Nge7 5.c3 d5 6.exd5 Qxd5 7.d4 cxd4 8.c4 Qd6
9.Nxd4 Bd7 10.Nxc6 Nxc6 11.Nc3 a6 12.Ba4 Qxd1 13.Rxd1 Ne5 14.Bxd7+ Nxd7 15.Ne4 Nc5
16.Nd6+ Bxd6 17.Rxd6 Rd8 18.Rxd8+ Kxd8 19.Be3 Nd7 20.Kf1 Ke7 21.Ke2 Rc8 22.Rc1 f5
23.f3 e5 24.b3 Rc6 25.g4 f4 26.Bf2 Ke6 27.h3 Nf6 28.Kd3 Rd6+ 29.Ke2 g5 30.c5 Rc6
31.Kd3 Kd5 32.Rc4 Nd7 33.Rb4 Rc7 34.c6 bxc6 35.Ra4 Nf6 36.Bg1 c5 37.Rxa6 e4+
38.fxe4+ Nxe4 39.Ra8 Rd7 40.Re8 Nd6 41.Rg8 h6 42.Rh8 Re7 43.Bf2 Nf7 44.Rc8 Ne5+
45.Ke2 Nxg4+ 46.Kf1 Nxf2 47.Rd8+ Kc6 48.Kxf2 Re3 49.h4 g4 50.Rh8 g3+ 51.Kf1 f3
52.Rxh6+ Kd5 53.Rg6 f2  0-1

[Event "POL-chT"]
[Site "Mikolajki"]
[Date "1991.??.??"]
[Round "7"]
[White "Janocha, Wieslaw"]
[Black "Witkowski, Stefan"]
[Result "1-0"]
[WhiteElo "2355"]
[BlackElo "2285"]

1.e4 c5 2.Nf3 Nc6 3.Bb5 d6 4.O-O Bd7 5.c3 Nf6 6.Re1 a6 7.Ba4 c4 8.d4 cxd3
9.Qxd3 g6 10.Bg5 Bg7 11.Nbd2 O-O 12.Qe3 Ne5 13.Bxd7 Nexd7 14.h3 Qb6 15.Nc4 Qxe3
16.Nxe3 h6 17.Bxf6 Nxf6 18.Nd5 Nxd5 19.exd5 Bf6 20.Re4 Rfc8 21.Rb4 a5 22.Rb6 a4
23.a3 Rc7 24.Rd1 Ra5 25.Kf1 Kf8 26.Rd3 Ke8 27.Nd2 Kd8 28.Ke2 Kc8 29.Rb4 Bg7
30.Nc4 Ra6 31.Nb6+ Kd8 32.c4 Rc5 33.Nxa4 Rca5 34.Nc3 Rc5 35.Rf3 f5 36.Kd3 Kc8
37.Nb5 Be5 38.Nd4 Ra8 39.Ne6 Rca5 40.Nf8  1-0

[Event "Mondorf op"]
[Site "Mondorf"]
[Date "1991.??.??"]
[Round "7"]
[White "King, Daniel J"]
[Black "Wians, Camille"]
[Result "1-0"]
[WhiteElo "2505"]
[BlackElo "2285"]

1.e4 c5 2.Nf3 Nc6 3.Bb5 g6 4.O-O Bg7 5.c3 Nf6 6.Re1 O-O 7.d4 cxd4 8.cxd4 d5
9.e5 Ne4 10.Nc3 Nxc3 11.bxc3 Qc7 12.a4 Na5 13.Ba3 a6 14.Bd3 Bg4 15.Rb1 Rfe8
16.Bc5 e6 17.h3 Bxf3 18.Qxf3 Rac8 19.Bf1 Qd7 20.h4 Bf8 21.Bxf8 Rxf8 22.h5 Qe7
23.Qg3 Nc4 24.Qf4 g5 25.Rxb7 gxf4 26.Rxe7 Nb2 27.Ra1 Rxc3 28.Bxa6 Ra8 29.Bb5 Kf8
30.Rd7 h6 31.a5 Rb3 32.Bf1 Ke8 33.Rc7 Rb4 34.a6 Nc4 35.a7 Nb6 36.Rb7  1-0

[Event "Mondorf op"]
[Site "Mondorf"]
[Date "1991.??.??"]
[Round "9"]
[White "Ostojic, Predrag"]
[Black "Wians, Camille"]
[Result "1-0"]
[WhiteElo "2350"]
[BlackElo "2285"]

1.e4 c5 2.Nf3 Nc6 3.Bb5 e6 4.Nc3 Nge7 5.O-O Nd4 6.Nxd4 cxd4 7.Ne2 Qb6 8.Ba4 Nc6
9.d3 d6 10.c3 dxc3 11.bxc3 Be7 12.Be3 Qc7 13.d4 O-O 14.f4 f5 15.exf5 exf5
16.c4 Bf6 17.Rc1 b6 18.Nc3 Bd7 19.c5 Rae8 20.Bf2 dxc5 21.Nd5 Qb7 22.dxc5 Bd8
23.cxb6 axb6 24.Nxb6 Bxb6 25.Qb3+ Kh8 26.Qxb6 Qxb6 27.Bxb6 Nb8 28.Bb3 Bc6
29.Bc7 Ba8 30.Rfe1 h6 31.Rxe8 Rxe8 32.Be5 Nc6 33.Bc3 Re4 34.g3 Ne7 35.Be5 Bc6
36.Kf2 Kh7 37.Rc5 g5 38.Bc2 Rb4 39.Bf6  1-0

[Event "FRA-ch Acc"]
[Site "Montpellier"]
[Date "1991.??.??"]
[Round "9"]
[White "Moingt, Jean Claude"]
[Black "Etchegaray, Patrice"]
[Result "0-1"]
[WhiteElo "2235"]
[BlackElo "2270"]

1.e4 c5 2.Nf3 Nc6 3.Bb5 e6 4.O-O Nge7 5.Nc3 Nd4 6.Nxd4 cxd4 7.Ne2 Nc6 8.f4 Bc5
9.Kh1 O-O 10.f5 Be7 11.Nf4 a6 12.Bxc6 dxc6 13.Nh5 exf5 14.exf5 Bf6 15.Qg4 Kh8
16.d3 c5 17.Nxf6 Qxf6 18.Bg5 Qc6 19.Be7 Re8 20.Rae1 b6 21.Rf3 Ra7 22.Bh4 Rxe1+
23.Bxe1 Re7 24.Bh4 f6 25.Rf1 Qe8 26.c3 dxc3 27.bxc3 Bb7 28.h3 Re2 29.Rf2 Re3
30.Rd2 Qe5 31.d4 Re1+ 32.Bxe1 Qxe1+ 33.Kh2 Qxd2 34.Qg3 Qxg2+ 35.Qxg2 Bxg2
36.Kxg2 cxd4 37.cxd4 Kg8 38.Kf3 Kf7 39.Ke4 Ke7 40.Kd5 Kd7 41.h4 g6 42.Ke4 Kd6
43.a4 b5 44.axb5 axb5  0-1

[Event "Russian Winter op"]
[Site "Moscow"]
[Date "1991.??.??"]
[Round "?"]
[White "Kremenietsky, Anatoly M"]
[Black "Makarov, Marat"]
[Result "0-1"]
[WhiteElo "2390"]
[BlackElo "2480"]

1.e4 c5 2.Nf3 Nc6 3.Bb5 g6 4.c3 Nf6 5.e5 Nd5 6.O-O Bg7 7.d4 cxd4 8.cxd4 O-O
9.Nc3 Nc7 10.Ba4 d6 11.Bxc6 bxc6 12.Re1 Bg4 13.h3 Bxf3 14.Qxf3 Ne6 15.Qe4 Rb8
16.Rd1 Rb4 17.a3 Rc4 18.exd6 exd6 19.Ne2 d5 20.Qd3 Nxd4 21.Rb1 Nxe2+ 22.Qxe2 Qc7
23.Be3 Re8 24.Qd2 a5 25.b3 Rc3  0-1

[Event "Russian Winter op"]
[Site "Moscow"]
[Date "1991.??.??"]
[Round "?"]
[White "Paglietti, Nicola"]
[Black "Umanskaya, Irina"]
[Result "1/2-1/2"]
[WhiteElo "2350"]
[BlackElo "2235"]

1.e4 c5 2.Nf3 Nc6 3.Bb5 e6 4.O-O Nge7 5.Re1 Ng6 6.c3 a6 7.Bf1 Be7 8.d4 cxd4
9.cxd4 d5 10.Nc3 dxe4 11.Rxe4 O-O 12.g3 b5 13.Bg2 Bb7 14.Re1 Nb4 15.Qe2 Rc8
16.a3 Nd5 17.Bd2 Qc7 18.Rac1 Nxc3 19.Bxc3 Bd5 20.Nd2 Bxg2 21.Kxg2 Bg5 22.Bb4 Qb7+
23.f3 Rxc1 24.Rxc1 Rd8 25.Bc5 e5 26.Re1 Bxd2 27.Qxd2 h6 28.Qc3 exd4 29.Bxd4 Rc8
30.Bc5 Qd5 31.b4 Rd8 32.Qe3 Qd2+ 33.Re2 Qxe3 34.Rxe3 Nf8 35.Rc3 Rc8 36.Rd3 Ne6
37.Bf2 Rc6 38.f4 f5 39.Kf3 g6 40.Be3 h5 41.h3 Kf7  1/2-1/2

[Event "Russian Winter op"]
[Site "Moscow"]
[Date "1991.??.??"]
[Round "?"]
[White "Guseinov, Aidyn"]
[Black "Losev, Dmitry"]
[Result "1-0"]
[WhiteElo "2375"]
[BlackElo "2320"]

1.e4 c5 2.Nf3 Nc6 3.Bb5 e6 4.Bxc6 bxc6 5.O-O f6 6.d3 Ne7 7.Re1 Ng6 8.Nbd2 Be7
9.Nf1 O-O 10.Ng3 d6 11.a4 Rb8 12.b3 Rb7 13.Rb1 Rf7 14.Bd2 Bf8 15.Qe2 e5 16.h3 Be6
17.Nh5 Ne7 18.Rbd1 h6 19.Nh2 Ng6 20.Ng4 f5 21.exf5 Bxf5 22.g3 Kh7 23.Kh2 Nh8
24.Ne3 Bc8 25.g4 Ng6 26.Ng2 Nh4 27.f4 Nxg2 28.Qxg2 g6 29.g5 hxg5 30.fxg5 Be7
31.Rg1 Bf5 32.Qxc6 Rc7 33.Qd5  1-0

[Event "Moscow5-B"]
[Site "Moscow"]
[Date "1991.??.??"]
[Round "?"]
[White "Maljutin, Evgeni"]
[Black "Bojczuk, Zygmunt"]
[Result "0-1"]
[WhiteElo "2385"]
[BlackElo "2295"]

1.e4 c5 2.Nf3 Nc6 3.Bb5 g6 4.Bxc6 dxc6 5.h3 Bg7 6.d3 Nf6 7.Nc3 O-O 8.Be3 b6
9.Qd2 Re8 10.Bh6 Bh8 11.h4 e5 12.Nh2 Be6 13.Qe3 c4 14.O-O-O cxd3 15.Rxd3 Qc7
16.Qg5 b5 17.h5 b4 18.hxg6 fxg6 19.Na4 Qa5 20.b3 Nxe4 21.Qh4 Nc3 22.Ng4 Bxg4
23.Qxg4 e4 24.Rxc3 bxc3 25.Bf4 Qf5 26.Qh4 h5 27.Rd1 c5 28.Be3 Bf6 29.Qh2 Rad8
30.Rg1 Be5 31.Qh4 Bd4 32.g4 hxg4 33.Qxg4 Kf7 34.Qg3 Rh8 35.Qc7+ Rd7 36.Qc6 Rhd8
37.Qa6 Kg7 38.a3 Bxe3+ 39.fxe3 Qg5 40.Rf1 Qxe3+ 41.Kb1 Rd1+ 42.Rxd1 Rxd1+
43.Ka2 Qc1  0-1

[Event "Moscow5"]
[Site "Moscow"]
[Date "1991.??.??"]
[Round "?"]
[White "Glek, Igor V"]
[Black "Wessman, Richard"]
[Result "1-0"]
[WhiteElo "2530"]
[BlackElo "2460"]

1.e4 c5 2.Nf3 Nc6 3.Bb5 e6 4.O-O Nge7 5.Re1 a6 6.Bf1 d5 7.exd5 Nxd5 8.d4 cxd4
9.Nxd4 Bc5 10.Nxc6 bxc6 11.Nd2 Nf6 12.Bd3 Bxf2+ 13.Kxf2 Qd4+ 14.Kg3 Qd6+
15.Kf3 Bb7 16.Ne4 Nxe4 17.Bxe4 Qxh2 18.Bf4 Qh5+ 19.Kg3 Qc5 20.Qd6 Qxd6 21.Bxd6 O-O-O
22.Rad1 Rd7 23.Bf4 Rhd8 24.Rxd7 Rxd7 25.Bxh7 g6 26.Bg8 Kd8 27.Rh1 c5 28.Rh8 Ke8
29.Bg5 Rd5 30.Bh7+ Kd7 31.Rd8+ Kc7 32.Rxd5 Bxd5 33.Bf6 Kd6 34.Kf4 Bxa2 35.Bg8 e5+
36.Bxe5+ Ke6 37.Bg7 Bb1 38.c3 Ba2 39.Kg5 Bd5 40.g3 c4 41.Bd4 Ke7 42.Ba7 Ke8
43.Kf6 Be6 44.Be3 Bd5 45.Bh6 Be6 46.Bg7 Bd5 47.g4 Be6 48.g5 Bd5 49.Ke5 Be6
50.Kd6 a5 51.Kc6 a4 52.Bf6 Kf8 53.Bh7 Bf5 54.Kb5 Bd3 55.Kxa4 Bc2+ 56.Kb5 Bb3
57.Kc5 Ke8 58.Kb5 Kf8 59.Bd4 Ke7 60.Bc5+ Kd7 61.Bg8 Ke8 62.Ba3 Ba2 63.Kc6 Bb1
64.Kd5 Bd3 65.b3 cxb3 66.c4 Bf5 67.Bb2 Kf8 68.Bh7 Ke7 69.c5 Bg4 70.Bf6+ Ke8
71.Kd6 Bf3 72.Kc7 Be4 73.c6 Bf5 74.Kb6 Be4 75.Bg8 Bd5 76.c7 Kd7 77.Bxf7  1-0

[Event "Moscow5"]
[Site "Moscow"]
[Date "1991.??.??"]
[Round "?"]
[White "Glek, Igor V"]
[Black "Lanka, Zigurds"]
[Result "0-1"]
[WhiteElo "2530"]
[BlackElo "2505"]

1.e4 c5 2.Nf3 Nc6 3.Bb5 g6 4.O-O Bg7 5.c3 Nf6 6.Re1 O-O 7.d4 cxd4 8.e5 Nd5
9.cxd4 d6 10.Nc3 Nc7 11.exd6 Qxd6 12.Bg5 Be6 13.Bxc6 bxc6 14.Qd2 Rfe8 15.Bf4 Qd8
16.Be5 Bd5 17.Bxg7 Kxg7 18.Ne5 Ne6 19.Ng4 h5 20.Qh6+ Kg8 21.Ne5 Ng7 22.Ne2 a5
23.Nf4 e6 24.Nxf7 Kxf7 25.Qxg6+ Kg8 26.Qh6 Kf7 27.Qg6+ Kf8 28.Re5 Re7 29.Nxh5 Rf7
30.Qh6 Qh4 31.f4 Ke7 32.Rf1 Nxh5 33.Rxh5 Rg8  0-1

[Event "Moscow2"]
[Site "Moscow"]
[Date "1991.??.??"]
[Round "?"]
[White "Shchekachev, Andrei"]
[Black "Shvedchikov, Anatoli I"]
[Result "1/2-1/2"]
[WhiteElo "2355"]
[BlackElo "2395"]

1.e4 c5 2.Nf3 Nc6 3.Bb5 g6 4.O-O Bg7 5.Re1 e5 6.d3 Nge7 7.Nc3 O-O 8.Bc4 d6
9.a3 Be6 10.h3 Qd7 11.Ng5 Bxc4 12.dxc4 h6 13.Nf3 Nd4 14.Nxd4 cxd4 15.Nd5 Nxd5
16.cxd5 f5 17.f3 Rac8 18.Bd2 Qb5 19.b3 Rc7 20.a4 Qd7 21.Bb4 Rfc8 22.Re2 g5
23.Qd3 f4 24.Rc1 b6 25.a5 b5 26.c4 a6 27.Rec2 Bf8 28.cxb5 Rxc2 29.Rxc2 Rxc2
30.Qxc2 Qxb5 31.Qc4 Qxc4 32.bxc4  1/2-1/2

[Event "Moscow6"]
[Site "Moscow"]
[Date "1991.??.??"]
[Round "?"]
[White "Dmitriev, Igor"]
[Black "Shvedchikov, Anatoli I"]
[Result "1-0"]
[WhiteElo "2265"]
[BlackElo "2360"]

1.e4 c5 2.Nf3 Nc6 3.Bb5 g6 4.Bxc6 dxc6 5.h3 Bg7 6.d3 e5 7.Bg5 f6 8.Be3 b6
9.Qc1 Be6 10.a4 Ne7 11.Na3 Nc8 12.b3 Nd6 13.Nc4 Nf7 14.O-O Bf8 15.Bd2 Be7
16.Nh2 O-O 17.Bc3 b5 18.Ne3 c4 19.axb5 cxb5 20.dxc4 bxc4 21.bxc4 Qc8 22.Qd2 Bxc4
23.Rfd1 Rd8 24.Nd5 Bxd5 25.exd5 Qc4 26.Ba5 Rd7 27.Ng4 Rc8 28.c3 f5 29.Ne3 Qe4
30.Qe2 Bc5 31.Qb5 Re7 32.Ra4 Nd6 33.Qb3 Rb7 34.Qa2 Rb2 35.Qa1 Rxf2 36.Rxe4 Nxe4
37.Re1 f4 38.Qa4 Bxe3 39.Rxe3 Nc5 40.Qc4 fxe3 41.d6+  1-0

[Event "Moscow6"]
[Site "Moscow"]
[Date "1991.??.??"]
[Round "?"]
[White "Shabanov, Yuri"]
[Black "Drozdov, Igor"]
[Result "1-0"]
[WhiteElo "2425"]
[BlackElo "2350"]

1.e4 c5 2.Nf3 Nc6 3.Bb5 e6 4.O-O Nge7 5.b3 Ng6 6.Bb2 f6 7.c3 a6 8.Bxc6 bxc6
9.d4 d5 10.Nbd2 Be7 11.Re1 O-O 12.Ba3 Qa5 13.Nb1 cxd4 14.Bxe7 Nxe7 15.cxd4 dxe4
16.Rxe4 c5 17.dxc5 Qxc5 18.Rc4 Qb6 19.Nc3 Rd8 20.Qe1 Bd7 21.Na4 Bxa4 22.Rxa4 e5
23.Nd2 Nd5 24.Nc4 Qc6 25.g3 Nb6 26.Nxb6 Qxb6 27.Rd1 Qb5 28.Rc4 Rd7 29.Rxd7 Qxd7
30.Qe4 Rd8 31.Kg2 Qd5 32.Qxd5+ Rxd5 33.Kf3 Rd2 34.Ra4 Rd6 35.Ke4 Kf7 36.f4 Ke6
37.fxe5 fxe5 38.Rc4 h6 39.b4 g6 40.a4 Rb6 41.b5 axb5 42.Rb4 Kd6 43.axb5 g5
44.Rb1 Kc5 45.Kxe5 Kc4 46.g4 Kc5 47.Rd1 Rb8 48.Rc1+ Kb6 49.Rc6+ Kxb5 50.Rxh6 Kc4
51.Rh5 Rb2 52.h3 Rb3 53.Kf6 Kd4 54.Kxg5 Ke4 55.Kh4 Kf3 56.Ra5 Rb8 57.Rf5+ Kg2
58.g5 Rb4+ 59.Kh5 Kxh3 60.Rf3+ Kg2 61.Ra3  1-0

[Event "Russian Winter op"]
[Site "Moscow"]
[Date "1991.??.??"]
[Round "?"]
[White "Yurieva, A."]
[Black "Meshkov, Yuri A"]
[Result "0-1"]
[WhiteElo "2120"]
[BlackElo "2285"]

1.e4 c5 2.Nf3 Nc6 3.Bb5 e6 4.O-O Nge7 5.Re1 a6 6.Bxc6 Nxc6 7.d4 cxd4 8.Nxd4 d6
9.Nxc6 bxc6 10.c4 Be7 11.Nc3 O-O 12.Be3 Qc7 13.Qc2 c5 14.a4 Bb7 15.Bf4 Bc6
16.Re3 Qb7 17.Rd1 Rfd8 18.Rh3 g6 19.Re1 Bf6 20.f3 Rab8 21.Bc1 Qb4 22.Qe2 Bxa4
23.Nxa4 Qxa4 24.f4 Bd4+ 25.Kh1 Rb3 26.g3 Qc6 27.Kg2 f5 28.Kf1 Rdb8 29.Rh4 Bxb2
30.exf5 Rf3+  0-1

[Event "Russian Winter op"]
[Site "Moscow"]
[Date "1991.??.??"]
[Round "?"]
[White "Yurieva, A."]
[Black "Umanskaya, Irina"]
[Result "1/2-1/2"]
[WhiteElo "2120"]
[BlackElo "2235"]

1.e4 c5 2.Nf3 Nc6 3.Bb5 e6 4.Bxc6 bxc6 5.d3 Ne7 6.b3 Ng6 7.Bb2 f6 8.h4 Bd6
9.h5 Ne5 10.h6 g6 11.Nxe5 Bxe5 12.Bxe5 fxe5 13.Qf3 g5 14.Nd2 Rf8 15.Qh3  1/2-1/2

[Event "Muenster op"]
[Site "Muenster"]
[Date "1991.??.??"]
[Round "6"]
[White "Georg, Heinz"]
[Black "Kalinitschew, Sergey"]
[Result "1/2-1/2"]
[WhiteElo "2230"]
[BlackElo "2430"]

1.e4 c5 2.Nf3 Nc6 3.Bb5 d6 4.O-O Bd7 5.c3 Nf6 6.Re1 a6 7.Bxc6 Bxc6 8.d4 Bxe4
9.Bg5 Bd5 10.Nbd2 c4 11.b3 b5 12.bxc4 bxc4 13.Nf1 e6 14.Bxf6 gxf6 15.Ne3 Qa5
16.Nd2 Rc8 17.Qh5 e5 18.Nxd5 Qxd5 19.Ne4 Be7 20.Qf3 Kf8 21.Rad1 Qe6 22.d5 Qd7
23.Nxf6 Bxf6 24.Qxf6 Rg8 25.Qh6+ Rg7 26.f4 exf4 27.Qxf4 Rg6 28.Rd4 Rb8 29.Qf2 Qb5
30.Rf1 Rb7 31.h4 Re7 32.h5 Rg7 33.Rd2 Qa5 34.Qf6 Qb6+ 35.Qd4 Qxd4+ 36.Rxd4 Rg5
37.h6 Re2 38.Rf2 Re1+ 39.Rf1 Rxf1+ 40.Kxf1 Ke7 41.Kf2 Kf6 42.Kf3 Kg6 43.Rxc4 Rxd5
44.Rc6 f6 45.Rxa6 Rd3+ 46.Ke2 Rxc3 47.Rxd6 Ra3 48.Rd2 Kxh6 49.Kf2 Kg5 50.Rb2 f5
51.Rc2 h5 52.Rb2 h4 53.Rc2 Kg4 54.Rb2 f4 55.Rc2 Ra8 56.Rd2 Ra7 57.Rc2 Ra3
58.Rb2 Rc3 59.Rd2 Rc1 60.Rb2 Ra1 61.Rd2 Kf5 62.Rc2 Kg4 63.Rd2 Rc1 64.Rb2 Rc3
65.Rd2 h3 66.gxh3+ Rxh3 67.Kg1 Ra3 68.Rg2+ Kf3 69.Rh2 Ra7 70.Rb2 Rd7 71.Rb3+ Ke2
72.Rb2+ Kf3 73.Rb3+ Kg4 74.Rb2 Kg3 75.Rg2+ Kf3 76.Rf2+ Ke3 77.Kg2 Rd1 78.Rf3+ Ke4
79.Rf2 Rd3 80.Re2+ Kf5 81.Rc2 Kg4 82.Rb2 Rg3+ 83.Kf2 Rh3 84.Kg1 Rh8 85.Rg2+ Kf3
86.Rb2 Rc8 87.Rb3+ Kg4 88.Rb2 Kg3 89.Rg2+ Kf3 90.Rf2+ Ke3 91.Kg2 Rc1 92.Rf3+ Ke4  1/2-1/2

[Event "New York op"]
[Site "New York"]
[Date "1991.??.??"]
[Round "2"]
[White "Shirazi, Kamran G"]
[Black "Birmingham, Eric"]
[Result "0-1"]
[WhiteElo "2390"]
[BlackElo "2355"]

1.e4 c5 2.Nf3 Nc6 3.Bb5 g6 4.O-O Bg7 5.d4 cxd4 6.c3 dxc3 7.Nxc3 Nf6 8.Re1 O-O
9.e5 Ng4 10.Bf4 f6 11.exf6 Nxf6 12.Bc4+ Kh8 13.Ng5 d5 14.Bxd5 Nxd5 15.Nxd5 Bd4
16.Rxe7 Qxd5 17.Rxh7+ Kg8 18.Be3 Rf5 19.Qg4 Rxg5 20.Rh8+ Bxh8  0-1

[Event "New York op"]
[Site "New York"]
[Date "1991.??.??"]
[Round "7"]
[White "Lein, Anatoly"]
[Black "Adianto, Utut"]
[Result "0-1"]
[WhiteElo "2495"]
[BlackElo "2470"]

1.e4 c5 2.Nf3 Nc6 3.Bb5 g6 4.O-O Bg7 5.Nc3 Nd4 6.Nxd4 cxd4 7.Ne2 Nf6 8.d3 O-O
9.h3 d6 10.Ba4 Nd7 11.c3 dxc3 12.Nxc3 Nc5 13.Bc2 Ne6 14.Be3 Nd4 15.Rc1 Bd7
16.Qd2 b5 17.Bb1 Qa5 18.f4 f5 19.Qf2 Nc6 20.exf5 gxf5 21.d4 b4 22.Ne2 Rac8
23.Qf3 e6 24.Kh2 Ne7 25.Ng3 Qd5 26.Qf2 Ng6 27.Nh5 Bh8 28.Rg1 Rxc1 29.Rxc1 Rc8
30.Rg1 b3 31.axb3 Qxb3 32.g4 Rb8 33.gxf5 exf5 34.Rc1 Be6 35.Rc2 a5 36.Rd2 Qd5
37.Ng3 Bf6 38.Ne2 Nh4 39.Ng1 Kf8 40.Ba2 Qxa2 41.d5 Bf7 42.Bd4 Bxd4 43.Qxd4 Kg8
44.Qf6 Ng6 45.h4 Qc4 46.Nh3 Re8  0-1

[Event "Niksic"]
[Site "Niksic"]
[Date "1991.??.??"]
[Round "5"]
[White "Miljanic, Boro"]
[Black "Horvath, Csaba"]
[Result "1/2-1/2"]
[WhiteElo "2390"]
[BlackElo "2460"]

1.e4 c5 2.Nf3 Nc6 3.Bb5 g6 4.O-O Bg7 5.c3 Nf6 6.Re1 a6 7.Bxc6 dxc6 8.d3 O-O
9.h3 a5 10.Na3 Qc7 11.d4 Rd8 12.Qc2 cxd4 13.cxd4 Bd7 14.Be3 Rac8 15.Rac1 Be8
16.Nc4 Nd7 17.Qd2 b6 18.Bh6 Bh8 19.e5 a4 20.Qg5 b5 21.Qxe7 bxc4 22.Ng5 c5
23.e6 Qf4 24.exd7 Bxd7 25.Ne6 Qxh6 26.Nxd8 Qf8 27.Qxd7 Rxd8 28.Qxa4 Bxd4
29.Rxc4 Kg7 30.Qc2 Qd6 31.Qe2 Qf4 32.b4 Bxf2+ 33.Kh1 Qg3 34.Rf1 Bd4 35.bxc5 Be5
36.Kg1 Qh2+ 37.Kf2 Qg3+  1/2-1/2

[Event "Niksic"]
[Site "Niksic"]
[Date "1991.??.??"]
[Round "10"]
[White "Miljanic, Boro"]
[Black "Spasov, Vasil"]
[Result "1-0"]
[WhiteElo "2390"]
[BlackElo "2550"]

1.e4 c5 2.Nf3 Nc6 3.Bb5 g6 4.O-O Bg7 5.c3 Nf6 6.Re1 O-O 7.h3 e5 8.d4 cxd4
9.cxd4 exd4 10.e5 Nd5 11.Nxd4 Qb6 12.Nb3 Qxb5 13.Na3 Qb4 14.Nc2 Qe7 15.Qxd5 Qe6
16.Qd1 b6 17.Ncd4 Nxd4 18.Nxd4 Qd5 19.Nf5 Qxd1 20.Ne7+ Kh8 21.Rxd1 Bxe5 22.Bh6 Rd8
23.Nc6 Re8 24.Nxe5 Rxe5 25.Rac1 Kg8 26.Rc7 d5 27.f4 Re2 28.Rxd5 Be6 29.Re5 Rd2
30.f5 Bxf5 31.Ree7 Be6 32.Rxa7 Rxa7 33.Re8+  1-0

[Event "Niksic"]
[Site "Niksic"]
[Date "1991.??.??"]
[Round "12"]
[White "Spasov, Vasil"]
[Black "Ivanovic, Bozidar"]
[Result "1-0"]
[WhiteElo "2550"]
[BlackElo "2535"]

1.e4 c5 2.Nf3 Nc6 3.Bb5 g6 4.Bxc6 bxc6 5.O-O Bg7 6.Re1 e5 7.c3 Ne7 8.d4 cxd4
9.cxd4 exd4 10.Nxd4 O-O 11.Nc3 Rb8 12.e5 c5 13.Nb3 Nc6 14.Nxc5 Nxe5 15.N5e4 Bb7
16.Bg5 f6 17.Be3 Ba8 18.Bc5 f5 19.Bxf8 Qxf8 20.Nd6 Qf6 21.Qd2 Qh4 22.Nd5 Ng4
23.h3 Nxf2 24.Ne7+ Kf8 25.Nexf5 gxf5 26.Nxf5 Ne4 27.Rxe4 Qxe4 28.Qd6+ Kf7
29.Qxd7+ Kf6 30.Qxg7+ Kxf5 31.Rf1+ Ke6 32.Rf6+ Kd5 33.Qg5+ Kc4 34.Rf4 Rxb2
35.Rxe4+ Bxe4 36.g4 Rxa2 37.Qg8+ Bd5 38.Qxh7 a5 39.Qc7+ Kd4 40.Qf4+ Kc5 41.Qe3+ Kc4
42.Qf4+ Kc5 43.Qc7+ Kd4 44.Qg7+ Kc4 45.h4 Kd3 46.Qd7 Kc4 47.h5 Be4 48.Qf7+ Bd5
49.Qg7  1-0

[Event "Niksic"]
[Site "Niksic"]
[Date "1991.??.??"]
[Round "12"]
[White "Miljanic, Boro"]
[Black "Nikcevic, Nebojsa"]
[Result "1/2-1/2"]
[WhiteElo "2390"]
[BlackElo "2440"]

1.e4 c5 2.Nf3 Nc6 3.Bb5 e6 4.O-O Nge7 5.b3 a6 6.Bxc6 Nxc6 7.Bb2 b5 8.a4 bxa4
9.Rxa4 Bb7 10.Re1 Qc7 11.Na3 f6 12.d4 cxd4 13.Nxd4 Ne5 14.Nc4 Bc5 15.Nxe5 fxe5
16.Rc4 O-O 17.b4 exd4 18.Rxc5 Qf4 19.Qxd4 Rf7 20.Bc1 Qf6 21.Qxf6 Rxf6 22.f3 Rff8
23.Rd1 Bc6 24.Kf2 Rfb8 25.Bd2 Rb5 26.Rc4 Rb6 27.Ke3 d5 28.Rc5 dxe4 29.fxe4 Rd8
30.Rf1 Be8 31.Bc3 Rc6 32.Bd4 Rxc5 33.Bxc5 Bb5 34.Rc1 Bc4 35.Bd4 Rf8 36.Bc5 Re8
37.Bd4 h6 38.c3 Rf8 39.Bb6 Bf1 40.g3 Bg2 41.Rg1 Bf1 42.Bc5 Rf7 43.Bd6 Bb5
44.Rd1 Rd7 45.e5 Rd8 46.Rd4 Rc8 47.Kd2 Rc4 48.Rxc4 Bxc4 49.Ke3 Kf7 50.Kd4 Be2
51.Kc5 h5 52.Kb6 g6 53.Kc7 Bc4 54.Kd8 Be2 55.Be7 Bd3 56.Bg5 Be2 57.Kd7 Bd3
58.h3 Bf1 59.Kd6 Be2 60.Bd2 Bf1 61.Be3 Be2 62.Kc5 Ke7 63.Kd4 Kd7 64.Kc5 Bf1
65.c4 Be2 66.b5 axb5 67.cxb5 Bf1 68.h4 Be2 69.Bd2 Bd3 70.Bb4 Be2 71.Kb6 Bd3
72.Bd6 Be2 73.Ka5 Bd3 74.Kb4 Be2 75.Kc5 Bd3 76.Bb8 Be2 77.b6 Bf3 78.Bc7 Bb7
79.Kd4 Bc6 80.Bd6 Bb7  1/2-1/2

[Event "Niksic"]
[Site "Niksic"]
[Date "1991.??.??"]
[Round "13"]
[White "Ziatdinov, Raset"]
[Black "Horvath, Csaba"]
[Result "1-0"]
[WhiteElo "2515"]
[BlackElo "2460"]

1.e4 c5 2.Nf3 Nc6 3.Bb5 g6 4.Bxc6 dxc6 5.h3 Bg7 6.d3 Nf6 7.Nc3 O-O 8.Be3 b6
9.Qd2 Re8 10.O-O-O e5 11.Bh6 Qc7 12.Nh2 Be6 13.Ng4 Nh5 14.Bxg7 Kxg7 15.Qh6+ Kh8
16.f4 exf4 17.e5 f5 18.exf6 Bf5 19.Qg5 Qf7 20.Kb1 c4 21.dxc4 Re6 22.Rhf1 Rae8
23.a3 Qf8 24.Qh4 Bxg4 25.hxg4 Qxf6 26.Qxf6+ Nxf6 27.Rxf4 g5 28.Rf5 h6 29.b4 Nxg4
30.Rf7 R6e7 31.Rd7 Re1+ 32.Kb2 Ne5 33.Rh7+ Kg8 34.Rdg7+ Kf8 35.Kb3 Ng4 36.Rxa7 R1e7
37.a4 Rxh7 38.Rxh7 Kg8 39.Rb7 Ne3 40.Rxb6 Nxg2 41.Rxc6 Kh7 42.Nd5 Re1 43.a5 h5
44.a6 h4 45.Kb2 Kg7 46.a7 Re8 47.Nc7 Rh8 48.Ne6+  1-0

[Event "Nimes op"]
[Site "Nimes"]
[Date "1991.??.??"]
[Round "5"]
[White "Psakhis, Lev"]
[Black "Dautov, Rustem"]
[Result "1-0"]
[WhiteElo "2555"]
[BlackElo "2570"]

1.e4 c5 2.Nf3 Nc6 3.Bb5 g6 4.Bxc6 bxc6 5.O-O Bg7 6.Re1 Nh6 7.c3 O-O 8.d4 cxd4
9.cxd4 d5 10.e5 Bg4 11.Nbd2 Qb6 12.b3 c5 13.Ba3 cxd4 14.Bxe7 Rfe8 15.Bg5 Bd7
16.Nf1 Nf5 17.g4 Ne7 18.Nxd4 Nc6 19.Nxc6 Bxc6 20.Be3 d4 21.Qxd4 Qb7 22.f4 Rad8
23.Qxa7 Qc8 24.h3 Qe6 25.Red1 h5 26.Qb6 Rb8 27.Qc7 Bd5 28.Qc5 Ba8 29.Qc4 Qe7
30.Qe2 hxg4 31.Qxg4 Qb7 32.Kf2 Qe4 33.Rac1 Qh1 34.Rc7 Be4 35.Rd4 Ra8 36.a4 Reb8
37.Qd7 Qg2+ 38.Ke1 Rf8 39.e6 Bf5 40.Rd2 Qf3 41.exf7+ Kh7 42.Qe7 Bh6 43.Qh4 Rab8
44.Rb2 Bd3 45.Rf2 Qe4 46.Qe7 Qf5 47.Qe5 Qxh3 48.Bd4  1-0

[Event "NOR-chT east"]
[Site "NOR"]
[Date "1991.??.??"]
[Round "2"]
[White "Tisdall, Jonathan D"]
[Black "Gausel, Einar"]
[Result "1/2-1/2"]
[WhiteElo "2435"]
[BlackElo "2425"]

1.e4 c5 2.Nf3 Nc6 3.Bb5 Nf6 4.Nc3 g6 5.h3 Qc7 6.O-O Bg7 7.d3 O-O 8.Bg5 d6
9.Qd2 e5 10.Nh2 Be6 11.Bc4 Qd7 12.Nd5 Bxd5 13.Bxf6 Be6 14.Bxg7 Kxg7 15.f4 exf4
16.Rxf4 Bxc4 17.dxc4 Ne5 18.b3 Qe7 19.Nf1 f6 20.Ne3 Rf7 21.Raf1 Raf8 22.Nd5  1/2-1/2

[Event "Oberwart op"]
[Site "Oberwart"]
[Date "1991.??.??"]
[Round "?"]
[White "Mahdi, Khaled"]
[Black "Fominyh, Alexander"]
[Result "1/2-1/2"]
[WhiteElo "2360"]
[BlackElo "2490"]

1.e4 c5 2.Nf3 Nc6 3.Bb5 e6 4.O-O Nge7 5.Re1 a6 6.Bf1 d5 7.exd5 Nxd5 8.Nc3 Nf6
9.d3 Be7 10.Ne4 b6 11.Nfg5 Nxe4 12.Nxe4 Bb7 13.Qg4 g6 14.Ng5 Nd4 15.c3 Nf5
16.Ne4 O-O 17.a4 f6 18.Ng3 Ng7 19.Bh6 e5 20.Bxg7 Kxg7 21.Nf5+ Kh8 22.Nxe7 Qxe7
23.f4 f5 24.Qg3 e4 25.Qe3 Rad8  1/2-1/2